000 00405nam a22001337a 4500
003 OSt
005 20240320124450.0
008 240320b |||||||| |||| 00| 0 eng d
040 _cCentral Library MRSPTU
100 _aDharma Kameana (ਧਰਮ ਕਾਮੇਆਣਾ)
245 _a ਸਮਕਾਲ : ਕਵਿਤਾਵਾ (Samkaal : Kavitava)
260 _aSangrur
_bPreetam Publication
942 _2ddc
_cBK
_n0
999 _c9917
_d9917